000 00959cam a2200265 a 4500
001 vtls003219507
003 MY-SjTCS
005 20200226114814.0
008 110629s2010 my b 001 0 may d
020 _a9789673054787 (pbk.)
039 9 _a201109271640
_bshuhada
_c201109271638
_dshuhada
_c201109130951
_dizani
_y201106291506
_zpushpa
041 0 _amay
082 0 4 _a808.02
_bPAN 2010
099 _aMALAYSIANA
_e808.02
245 0 0 _aPanduan komprehensif penulisan cadangan penyelidikan /
_cParmjit Singh ... [et al.]
260 _aShah Alam :
_bPusat Penerbitan Universiti Teknologi Mara,
_c2010.
300 _ax, 189 p. ;
_c23 cm.
504 _aIncludes bibliographical references and index.
546 _aText in Malay.
650 0 _aProposal writing in research.
_953479
650 0 _aAcademic writing.
700 1 _aParmjit Singh,
_d1963-
710 2 _aUniversiti Teknologi MARA.
_bPusat Penerbitan Universiti.
_953440
920 _aSABD : 168625
999 _c138412